000 00264nam a22001097a 4500
008 160420b xxu||||| |||| 00| 0 eng d
020 _a9780803657045
041 _aeng
080 _a618.2
245 _aMaternal child nursing care;
_cShelton Hisley;
942 _2udc
_cBK
999 _c1474
_d1474